000 00808nmc a2200289 a 4500
003 AR-BaBNM
005 20251128211616.0
008 055020s2004 ||||||||||||||000 | spa||
020 _a950-24-1084-X
040 _cAR-BaBNM
100 1 _aPinto, Carlos
245 1 0 _aAlejandrito y la máquina de hablar
_bun cuento sobre Alexander Graham Bell
250 _a1ª ed.
260 _aBuenos Aires
_bAlbatros
_c2004
300 _a22 p.
_bil.
490 0 _aPequeños grandes genios
500 _aContiene datos biográficos
600 1 4 _aBell, Alexander Graham
650 4 _aCUENTOS
650 4 _aDESCUBRIMIENTOS CIENTIFICOS
650 4 _aLIBROS PARA NINOS
655 _aLITERATURA
700 1 _aBolzicco, Leo
_eilustrador
810 2 _aA cuatro manos estudio
942 _cBK
998 _cEugenia
999 _c20410
_d20410